R v Braintree DC ex p Halls (Record no. 64867)

MARC details
000 -LEADER
fixed length control field 01170cam a2200229 4500
001 - CONTROL NUMBER
control field ABS62899
008 - FIXED-LENGTH DATA ELEMENTS--GENERAL INFORMATION
fixed length control field 000000n2000 000 0 eng u
035 ## - SYSTEM CONTROL NUMBER
System control number (Sirsi) u108653
245 ## - TITLE STATEMENT
Title R v Braintree DC ex p Halls
260 ## - PUBLICATION, DISTRIBUTION, ETC.
Date of publication, distribution, etc. 2000
490 ## - SERIES STATEMENT
Series statement Estates Gazette
Volume/sequential designation [2000] 36 EG 164-170(7)
520 ## - SUMMARY, ETC.
Summary, etc. CA 1 March 2000. Appellant, R, was the owner of a house purchased under the right to buy provisions of the Housing Act 1985. The conveyance contained a restrictive covenant restricting the property to use as a single private dwelling house. B granted planning permission to erect a further house in the garden of the property and agreed they would release the restrictive covenant upon a payment of a sum equivalent to 90% of the open-market value of the plot. R's application for judicial review of B's decision was dismissed. R appealed. Appeal allowed.
590 ## - LOCAL NOTE (RLIN)
Local note ABS
650 ## - SUBJECT ADDED ENTRY--TOPICAL TERM
Topical term or geographic name entry element R V BRAINTREE DC EX P HALLS
650 ## - SUBJECT ADDED ENTRY--TOPICAL TERM
Topical term or geographic name entry element HOUSING ACT 1985
650 ## - SUBJECT ADDED ENTRY--TOPICAL TERM
Topical term or geographic name entry element RIGHT TO BUY
650 ## - SUBJECT ADDED ENTRY--TOPICAL TERM
Topical term or geographic name entry element RESTRICTIVE COVENANT
650 ## - SUBJECT ADDED ENTRY--TOPICAL TERM
Topical term or geographic name entry element PLANNING PERMISSION
650 ## - SUBJECT ADDED ENTRY--TOPICAL TERM
Topical term or geographic name entry element OPEN MARKET VALUE
690 ## - LOCAL SUBJECT ADDED ENTRY--TOPICAL TERM (OCLC, RLIN)
Topical term or geographic name as entry element LANDLORD AND TENANT-LEASEHOLD REFORM-CASE LAW
942 ## - ADDED ENTRY ELEMENTS (KOHA)
Suppress in OPAC 0
Holdings
Withdrawn status Lost status Source of classification or shelving scheme Damaged status Not for loan Home library Current library Shelving location Date acquired Total Checkouts Full call number Barcode Date last seen Copy number Price effective from Koha item type
    Dewey Decimal Classification     London London Journal article 06/10/2000   ABS62899 108653-1001 06/08/2019 1 06/08/2019 Law report